[Event "Euro Online U2300 Day 1"]
[Site "chess.com INT"]
[Date "2020.05.25"]
[Round "4"]
[White "Osipov, Aleksandr"]
[Black "Budakova, Taulant"]
[Result "1/2-1/2"]
[WhiteElo "2030"]
[BlackElo "2060"]
[WhiteFideId "44154364"]
[BlackFideId "4702204"]
[EventDate "2020.05.25"]

1. d4 Nf6 2. c4 g6 3. Nc3 d5 4. Nf3 Bg7 5. h4 c6 6. Bg5 Be6 7. Qb3 Qb6 8. Qxb6
axb6 9. Bxf6 Bxf6 10. cxd5 cxd5 11. e3 O-O 12. h5 Nc6 13. Bd3 Rfc8 14. Ke2 Nb4
15. Bb1 Nc6 16. a3 Na5 17. Bd3 Nc4 18. Rab1 Nxa3 19. bxa3 Rxc3 20. Rxb6 Raxa3
21. Rxb7 Rcb3 22. Rxb3 Rxb3 23. h6 Bd7 24. Ra1 Rb2+ 25. Kf1 Rb8 26. Ra7 Be8 27.
g4 e6 28. Kg2 Kf8 29. Kg3 Be7 30. Ne5 Bd6 31. f4 Bxe5 32. fxe5 Rb3 33. Bc2 Rxe3+
34. Kf4 Rc3 35. Bb1 Rc8 36. Bd3 Rb8 37. Kg5 Rb3 38. Ba6 Ra3 39. Ra8 Ke7 40. Bb7
Rxa8 41. Bxa8 Bb5 42. Bb7 Be2 43. Bc6 Bd3 44. Ba4 1/2-1/2

[Event "Euro Online U2300 Day 1"]
[Site "chess.com INT"]
[Date "2020.05.25"]
[Round "4"]
[White "Salamero Pelay, Fernando"]
[Black "Kopylov, Daniel"]
[Result "0-1"]
[WhiteElo "2071"]
[BlackElo "2348"]
[WhiteFideId "2207303"]
[BlackFideId "12921971"]
[EventDate "2020.05.25"]

1. e4 c5 2. Nf3 d6 3. d4 cxd4 4. Nxd4 Nf6 5. Nc3 Nc6 6. Be3 Ng4 7. Bc1 Qb6 8. h3
Nxf2 9. Kxf2 Qxd4+ 10. Be3 Qxd1 11. Rxd1 Bd7 12. Nb5 Rc8 13. c4 a6 14. Nc3 e6
15. Bf4 Ne5 16. b3 b5 17. Be2 b4 18. Nb1 Bc6 19. Nd2 a5 20. c5 f6 21. Bxe5 dxe5
22. Rc1 Bd7 23. Ba6 Rxc5 24. Kf3 Kf7 25. Rxc5 Bxc5 26. Rc1 Bb6 27. Nc4 Bd4 28.
Nxa5 Ra8 29. Rc7 Ke8 30. Nc6 Rxa6 31. Rxd7 Rxc6 32. Rxg7 h5 33. Ra7 Rc3+ 34. Ke2
Re3+ 35. Kd2 Rxe4 36. Kd3 Re3+ 37. Kc4 Bxa7 0-1

[Event "Euro Online U2300 Day 1"]
[Site "chess.com INT"]
[Date "2020.05.25"]
[Round "4"]
[White "Raeber, Markus"]
[Black "Bayramov, Zaur"]
[Result "0-1"]
[BlackTitle "FM"]
[WhiteElo "2237"]
[BlackElo "2357"]
[WhiteFideId "1302108"]
[BlackFideId "13405080"]
[EventDate "2020.05.25"]

1. d4 Nf6 2. Nf3 g6 3. g3 Bg7 4. Bg2 O-O 5. O-O d6 6. c4 Nc6 7. Nc3 Bf5 8. d5
Na5 9. Nd4 Bd7 10. b3 c5 11. dxc6 bxc6 12. Bb2 Rb8 13. Qd2 c5 14. Nf3 Bc6 15.
Rad1 Qc7 16. h3 Qb7 17. Ba1 Qa6 18. Rfe1 Rfd8 19. e4 e5 20. Qg5 h6 21. Qc1 Be8
22. Bf1 Qb7 23. Nd5 Nxd5 24. exd5 Qc7 25. Nh2 f5 26. Bg2 Bf7 27. f4 e4 28. Bxg7
Kxg7 29. g4 Kh7 30. Nf1 Rf8 31. Ng3 Be8 32. Qc3 Nb7 33. gxf5 gxf5 34. h4 Qg7 35.
Kh2 Qxc3 0-1

[Event "Euro Online U2300 Day 1"]
[Site "chess.com INT"]
[Date "2020.05.25"]
[Round "4"]
[White "Mirimanian, Hayk"]
[Black "Labiano Hernandez, Juan"]
[Result "1-0"]
[WhiteTitle "FM"]
[WhiteElo "2268"]
[BlackElo "2158"]
[WhiteFideId "4700180"]
[BlackFideId "24556840"]
[EventDate "2020.05.25"]

1. e4 e5 2. Nf3 Nf6 3. Nxe5 Nxe4 4. Qe2 Qe7 5. Qxe4 d6 6. d4 dxe5 7. dxe5 Nc6 8.
Bb5 Bd7 9. Nc3 a6 10. Nd5 Qd8 11. Bc4 Bc5 12. c3 O-O 13. Bd3 f5 14. exf6 Re8 15.
Ne7+ Nxe7 16. Qxh7+ Kf7 17. Qxg7+ Ke6 18. O-O Nf5 19. Bxf5+ Kxf5 20. Qg5+ Ke6
21. Qxc5 Qxf6 22. Bg5 Qf5 23. Rfe1+ Kf7 24. Qxc7 Rac8 25. Qf4 Qxf4 26. Bxf4 Rg8
27. f3 Bc6 28. Kf2 Rcf8 29. Bd6 Rd8 30. Rad1 Rd7 31. Bf4 Rgd8 32. Rxd7+ Rxd7 33.
g4 Rd3 34. Re3 Rd2+ 35. Re2 Rd3 36. Be3 Bd5 37. Rd2 Rxd2+ 38. Bxd2 Bxa2 39. Kg3
b5 40. b4 Bc4 41. Be3 Kg6 42. Bd4 Bd3 43. h4 Bc2 44. h5+ Kh6 45. Be3+ Kg7 46. f4
Bd1 47. f5 Kf6 48. Kf4 Kf7 49. Bd4 Kg8 50. h6 Kh7 51. g5 Bc2 52. Bg7 Kg8 53. g6
a5 54. bxa5 b4 55. Bd4 b3 56. h7+ Kf8 57. h8=Q+ Ke7 58. Qf6+ Kd7 59. Qe6+ Kc7
60. Be5+ Kb7 61. Qd7+ Ka6 62. Qc6+ Kxa5 63. Bc7# 1-0

[Event "Euro Online U2300 Day 1"]
[Site "chess.com INT"]
[Date "2020.05.25"]
[Round "4"]
[White "Medar, Marti"]
[Black "Florescu, Codrut-Constantin"]
[Result "0-1"]
[BlackTitle "IM"]
[WhiteElo "2019"]
[BlackElo "2293"]
[WhiteFideId "4501870"]
[BlackFideId "1202200"]
[EventDate "2020.05.25"]

1. d4 Nf6 2. Bf4 d5 3. e3 e6 4. c3 c5 5. Nd2 Nc6 6. Ngf3 Bd6 7. Bg3 O-O 8. Ne5
Bxe5 9. dxe5 Nd7 10. f4 f6 11. exf6 Nxf6 12. Be2 Qb6 13. Qb3 c4 14. Qxb6 axb6
15. e4 b5 16. e5 Nd7 17. O-O b4 18. Bh4 b5 19. cxb4 Nxb4 20. a3 Nc2 21. Rac1 Nd4
22. Bg4 g6 23. Nb1 h5 24. Bd1 Bb7 25. Nc3 Bc6 26. h3 Nf5 27. Bf2 d4 28. Na2 h4
29. Bg4 d3 30. Nb4 Bb7 31. b3 Rfc8 32. a4 cxb3 33. axb5 Rxc1 34. Rxc1 b2 0-1

[Event "Euro Online U2300 Day 1"]
[Site "chess.com INT"]
[Date "2020.05.25"]
[Round "4"]
[White "Albu, George"]
[Black "Averyanov, Grigori"]
[Result "0-1"]
[WhiteElo "2142"]
[BlackElo "2274"]
[WhiteFideId "1237128"]
[BlackFideId "44150288"]
[EventDate "2020.05.25"]

1. d4 Nf6 2. c4 e6 3. Nc3 Bb4 4. e3 c5 5. Bd3 Nc6 6. Nf3 d5 7. O-O O-O 8. a3 Ba5
9. Qe2 cxd4 10. exd4 dxc4 11. Bxc4 Nxd4 12. Nxd4 Qxd4 13. Rd1 Qh4 14. Nb5 Ng4
15. h3 Nxf2 16. Rd4 Nxh3+ 17. gxh3 Bb6 18. Be3 Qg3+ 19. Kf1 Qxh3+ 20. Kf2 a6 21.
Nc3 Bxd4 22. Bxd4 Qh4+ 23. Ke3 e5 24. Bc5 Bg4 25. Qg2 Qg5+ 26. Kf2 Qf4+ 27. Kg1
Qxc4 28. Bxf8 Rxf8 29. Re1 Be6 30. Ne4 f5 31. Ng5 Qd4+ 32. Kh2 0-1

[Event "Euro Online U2300 Day 1"]
[Site "chess.com INT"]
[Date "2020.05.25"]
[Round "4"]
[White "Marjanovic, Annamaria"]
[Black "Riabov, Alexander"]
[Result "1-0"]
[WhiteTitle "WGM"]
[WhiteElo "2338"]
[BlackElo "2004"]
[WhiteFideId "750930"]
[BlackFideId "14906562"]
[EventDate "2020.05.25"]

1. c4 e5 2. g3 Nc6 3. Bg2 g6 4. Nc3 Bg7 5. d3 d6 6. Nf3 Be6 7. O-O Qd7 8. Nd5
O-O-O 9. Rb1 Bh3 10. b4 h5 11. Be3 Nd4 12. Bxd4 exd4 13. Qd2 Be5 14. b5 h4 15.
Bxh3 Qxh3 16. Qa5 Kd7 17. Qxc7+ Ke8 18. Nxe5 1-0

[Event "Euro Online U2300 Day 1"]
[Site "chess.com INT"]
[Date "2020.05.25"]
[Round "4"]
[White "Lagerman, Robert"]
[Black "Korneevets, Alexander"]
[Result "0-1"]
[WhiteTitle "FM"]
[BlackTitle "IM"]
[WhiteElo "2298"]
[BlackElo "2267"]
[WhiteFideId "2300362"]
[BlackFideId "13500180"]
[EventDate "2020.05.25"]

1. e4 e5 2. Nf3 Nc6 3. d4 exd4 4. Bc4 Bc5 5. c3 Nf6 6. cxd4 Bb4+ 7. Nc3 Nxe4 8.
O-O Bxc3 9. d5 Ne5 10. Bb3 d6 11. bxc3 Bg4 12. Re1 f5 13. Ba4+ Kf8 14. Bc2 Bxf3
15. Qd4 Qf6 16. Bf4 Qg6 17. Bg3 h5 18. Qb4 h4 19. gxf3 Nxf3+ 20. Kg2 Nxe1+ 21.
Rxe1 hxg3 22. hxg3 Re8 0-1

[Event "Euro Online U2300 Day 1"]
[Site "chess.com INT"]
[Date "2020.05.25"]
[Round "4"]
[White "Wadsworth, Matthew J"]
[Black "Orgse, Karl Kristofer"]
[Result "0-1"]
[WhiteTitle "IM"]
[WhiteElo "2416"]
[BlackElo "1724"]
[WhiteFideId "415804"]
[BlackFideId "4506081"]
[EventDate "2020.05.25"]

1. c4 Nf6 2. g3 e6 3. Bg2 d5 4. Nf3 Be7 5. O-O O-O 6. b3 c6 7. Bb2 Nbd7 8. Qc2
Re8 9. d3 b6 10. Nbd2 Bb7 11. e4 Nf8 12. e5 N6d7 13. d4 c5 14. Rfd1 cxd4 15.
Bxd4 Bc5 16. Qb2 Rc8 17. Rac1 Ng6 18. Bxc5 bxc5 19. h4 Qc7 20. Re1 d4 21. h5
Bxf3 22. hxg6 Bxg2 23. gxh7+ Kxh7 24. Qc2+ Kg8 25. Kxg2 Nxe5 26. Rh1 Ng6 27. Rh5
f5 28. Rch1 Kf7 29. Qd1 Rh8 30. Rxh8 Rxh8 31. Rxh8 Nxh8 32. Qh5+ Kg8 33. Qe8+
Kh7 34. Nf3 Nf7 35. Qxe6 g6 36. Nh4 Nh8 37. Qd5 Qe7 38. Kf1 Nf7 39. Nf3 Kg7 40.
b4 cxb4 41. Qxd4+ Kg8 42. c5 Qb7 43. Qc4 Qxf3 44. c6 Qh1+ 45. Ke2 Qe4+ 46. Qxe4
fxe4 47. Ke3 Nd6 48. Kd4 Kf7 49. Kc5 Ke7 50. Kxb4 Kd8 51. Kc5 Kc7 52. Kd5 e3 53.
fxe3 Nf5 54. e4 Nxg3 55. e5 Nf5 56. e6 Ne7+ 57. Ke5 Kxc6 58. Kf6 Kd6 0-1

[Event "Euro Online U2300 Day 1"]
[Site "chess.com INT"]
[Date "2020.05.25"]
[Round "4"]
[White "Gorodetzky, Matan"]
[Black "Klimkowski, Jan"]
[Result "0-1"]
[WhiteTitle "FM"]
[WhiteElo "2284"]
[BlackElo "2193"]
[WhiteFideId "2813394"]
[BlackFideId "21856222"]
[EventDate "2020.05.25"]

1. e4 c5 2. Nf3 d6 3. Bb5+ Nd7 4. Ba4 Nf6 5. O-O e6 6. Re1 Be7 7. c3 O-O 8. d4
a6 9. h3 b5 10. Bc2 Bb7 11. Nbd2 cxd4 12. cxd4 Rc8 13. b3 Qc7 14. e5 Qxc2 15.
exf6 Nxf6 16. Ba3 Rfd8 17. Qxc2 Rxc2 18. Rec1 Rdc8 19. Kf1 Ne4 20. Nxe4 Bxe4 21.
Ne1 Rxc1 22. Rxc1 Rxc1 23. Bxc1 Bb1 24. a3 Ba2 25. b4 Bc4+ 26. Kg1 e5 27. Nf3 e4
28. Nd2 d5 29. g4 g6 30. Nb1 f5 31. Nc3 Bf6 32. Be3 f4 33. Bxf4 Bxd4 34. Bd2 Kf7
35. Kg2 Ke6 36. Kg3 Be5+ 37. Kh4 Bf6+ 38. Kg3 Bd3 39. f4 e3 40. Be1 d4 41. Nd1
Bc2 0-1

[Event "Euro Online U2300 Day 1"]
[Site "chess.com INT"]
[Date "2020.05.25"]
[Round "4"]
[White "Thanke, Bror"]
[Black "Ragnarsson, Johann"]
[Result "1-0"]
[WhiteElo "2164"]
[BlackElo "1956"]
[WhiteFideId "1502360"]
[BlackFideId "2301040"]
[EventDate "2020.05.25"]

1. Nf3 d5 2. b3 Nf6 3. Bb2 c5 4. e3 Nc6 5. d4 Bg4 6. Nbd2 e6 7. Be2 Be7 8. h3
Bh5 9. O-O O-O 10. Rc1 h6 11. Ne5 Bxe2 12. Qxe2 cxd4 13. exd4 Rc8 14. a3 Bd6 15.
c4 Qe7 16. Nxc6 bxc6 17. c5 Bb8 18. b4 Qc7 19. g3 Nd7 20. Nf3 a5 21. Bc3 axb4
22. axb4 Rfe8 23. Rfe1 Qb7 24. Rb1 Bc7 25. b5 cxb5 26. Qxb5 Qxb5 27. Rxb5 Rb8
28. Reb1 Rxb5 29. Rxb5 Rb8 30. Rxb8+ Nxb8 31. Ne1 Nc6 32. Nd3 f6 33. f4 e5 34.
fxe5 fxe5 35. dxe5 d4 36. Bb2 Kf7 37. Kf2 Ke6 38. Kf3 Kd5 39. Kf4 Bxe5+ 40. Nxe5
Nxe5 41. Kf5 Nd3 42. Bxd4 Kxd4 43. c6 Nc5 44. c7 1-0

[Event "Euro Online U2300 Day 1"]
[Site "chess.com INT"]
[Date "2020.05.25"]
[Round "4"]
[White "Spitzl, Vinzent"]
[Black "Plaksin, Igor"]
[Result "1-0"]
[WhiteTitle "FM"]
[WhiteElo "2346"]
[BlackElo "1868"]
[WhiteFideId "12901253"]
[BlackFideId "34182117"]
[EventDate "2020.05.25"]

1. e4 c5 2. Nf3 d6 3. d4 cxd4 4. Nxd4 Nf6 5. Nc3 g6 6. Be3 Bg7 7. f3 O-O 8. Qd2
Nc6 9. O-O-O Nxd4 10. Bxd4 Be6 11. Kb1 Qc7 12. g4 Rfc8 13. h4 Qa5 14. a3 Rab8
15. h5 b5 16. h6 Bf8 17. Bxf6 b4 18. axb4 Rxb4 19. Bd4 Rxb2+ 20. Kxb2 Qb4+ 21.
Kc1 Qa3+ 22. Kb1 Rb8+ 23. Bb5 Bc4 24. Qe3 Rxb5+ 25. Nxb5 Qb4+ 26. Bb2 Qxb5 27.
Qc3 f6 28. g5 1-0

[Event "Euro Online U2300 Day 1"]
[Site "chess.com INT"]
[Date "2020.05.25"]
[Round "4"]
[White "Reshetniak, Vitaliy"]
[Black "Berdnyk, Mariia"]
[Result "1-0"]
[BlackTitle "FM"]
[WhiteElo "2026"]
[BlackElo "2324"]
[WhiteFideId "14125250"]
[BlackFideId "14137054"]
[EventDate "2020.05.25"]

1. d4 Nf6 2. c4 e6 3. Nc3 Bb4 4. f3 d5 5. a3 Be7 6. e4 dxe4 7. fxe4 e5 8. d5 O-O
9. Bd3 Bc5 10. Nf3 Bg4 11. h3 Bxf3 12. Qxf3 c6 13. Bg5 Nbd7 14. O-O-O Qa5 15.
Bd2 Qa6 16. h4 Bd4 17. h5 h6 18. g4 Nc5 19. g5 Nxd3+ 20. Qxd3 hxg5 21. h6 g6 22.
Bxg5 Nh7 23. Be7 cxd5 24. cxd5 Rfc8 25. Qxa6 bxa6 26. d6 Nf8 27. h7+ Nxh7 28. d7
Rd8 29. Nd5 f6 30. Bxd8 Rxd8 31. Rh2 Rxd7 32. Rdh1 1-0

[Event "Euro Online U2300 Day 1"]
[Site "chess.com INT"]
[Date "2020.05.25"]
[Round "4"]
[White "Klykow, Lukasz"]
[Black "Le Goff, Ronan"]
[Result "0-1"]
[BlackTitle "FM"]
[WhiteElo "2197"]
[BlackElo "2267"]
[WhiteFideId "1106767"]
[BlackFideId "612073"]
[EventDate "2020.05.25"]

1. e4 e5 2. Nf3 Nc6 3. Bb5 a6 4. Ba4 d6 5. Bxc6+ bxc6 6. d4 exd4 7. Qxd4 c5 8.
Qd3 Be7 9. Nc3 Nf6 10. O-O O-O 11. b3 a5 12. Re1 Ba6 13. Qd2 Re8 14. Bb2 c4 15.
Rad1 cxb3 16. axb3 h6 17. Qf4 Qc8 18. Nd5 Nxd5 19. Rxd5 Bb7 20. Rh5 Qe6 21. Nd4
Qg6 22. Rh3 Bg5 23. Qg3 Rxe4 24. Rf1 Bf6 25. Qxg6 fxg6 26. c3 Rae8 27. Nb5 Re1
28. Re3 R8xe3 29. fxe3 Rxf1+ 30. Kxf1 Ba6 0-1

[Event "Euro Online U2300 Day 1"]
[Site "chess.com INT"]
[Date "2020.05.25"]
[Round "4"]
[White "Tevzadze, Mariam"]
[Black "Spyropoulos, Nikolaos"]
[Result "0-1"]
[BlackTitle "FM"]
[WhiteElo "1834"]
[BlackElo "2403"]
[WhiteFideId "13605470"]
[BlackFideId "4298977"]
[EventDate "2020.05.25"]

1. d4 Nf6 2. c3 d5 3. Nf3 c6 4. Bf4 Bf5 5. e3 Nbd7 6. Bd3 Bxd3 7. Qxd3 e6 8.
Nbd2 Be7 9. O-O O-O 10. e4 dxe4 11. Nxe4 Nxe4 12. Qxe4 Nf6 13. Qc2 Qd5 14. Rfe1
Rac8 15. h3 Rfd8 16. a4 c5 17. dxc5 Qxc5 18. Rad1 Nd5 19. Bg3 Bf6 20. Be5 Bxe5
21. Rxe5 Qc7 22. Rg5 Nf4 23. Re1 Rd7 24. Rg4 Rcd8 25. Qe4 f5 26. Qxf4 fxg4 27.
Qxg4 Rd1 28. Qxe6+ Kh8 29. g3 Rxe1+ 30. Qxe1 Qd7 31. Kg2 Qxa4 32. Qe5 Qc6 33. g4
Rf8 34. Qe3 b6 35. h4 Re8 36. Qd4 Qe4 37. Kg3 Qxd4 38. Nxd4 Re1 39. Kf4 Kg8 40.
f3 Kf7 41. Nc6 a5 42. Ne5+ Ke6 43. Nc4 Rb1 44. Ke3 a4 45. Kd2 Rxb2+ 46. Kc1 Rf2 0-1

[Event "Euro Online U2300 Day 1"]
[Site "chess.com INT"]
[Date "2020.05.25"]
[Round "4"]
[White "Aizenberg, Benny"]
[Black "Brondt, Nicolai Kvist"]
[Result "1-0"]
[BlackTitle "FM"]
[WhiteElo "2152"]
[BlackElo "2223"]
[WhiteFideId "2821125"]
[BlackFideId "1413848"]
[EventDate "2020.05.25"]

1. e4 c5 2. Nf3 e6 3. d4 cxd4 4. Nxd4 Nc6 5. Nc3 Qc7 6. Be2 a6 7. O-O Nf6 8. Be3
Be7 9. f4 d6 10. Qe1 O-O 11. Qg3 d5 12. e5 Nxd4 13. Bxd4 Bc5 14. Bxc5 Qxc5+ 15.
Kh1 Ne4 16. Nxe4 dxe4 17. c3 Bd7 18. Rad1 Bc6 19. f5 exf5 20. Rxf5 Rad8 21. Rdf1
Qe7 22. Rg5 g6 23. Qh4 Kh8 24. Qh6 e3 25. Rg3 Rd2 26. Rxg6 Rxe2 27. Qg7# 1-0

[Event "Euro Online U2300 Day 1"]
[Site "chess.com INT"]
[Date "2020.05.25"]
[Round "4"]
[White "Bjornsson, Gunnar"]
[Black "Popadic, Dragan"]
[Result "0-1"]
[BlackTitle "FM"]
[WhiteElo "2131"]
[BlackElo "2180"]
[WhiteFideId "2302039"]
[BlackFideId "913650"]
[EventDate "2020.05.25"]

1. e4 c5 2. Nf3 Nc6 3. d4 cxd4 4. Nxd4 Nf6 5. Nc3 e5 6. Nxc6 bxc6 7. Bc4 d6 8.
Bg5 Be7 9. O-O O-O 10. Bb3 Be6 11. f4 exf4 12. Bxf4 Qc7 13. Qe1 Kh8 14. Rd1 Rad8
15. e5 dxe5 16. Bxe5 Rxd1 17. Nxd1 Qc8 18. Qg3 Bxb3 19. axb3 Qe6 20. Re1 Qf5 21.
Ne3 Bc5 22. h3 Qxc2 23. Bxf6 gxf6 24. Kh1 Qg6 25. Qf3 Re8 26. Re2 Re6 27. Nc4
Qb1+ 28. Kh2 Bg1+ 29. Kg3 Qg6+ 0-1

[Event "Euro Online U2300 Day 1"]
[Site "chess.com INT"]
[Date "2020.05.25"]
[Round "4"]
[White "Andolfatto, Maria"]
[Black "Salna, Aleksandras"]
[Result "0-1"]
[WhiteElo "2002"]
[BlackElo "2063"]
[WhiteFideId "2800476"]
[BlackFideId "12807575"]
[EventDate "2020.05.25"]

1. Nf3 d5 2. c4 c6 3. g3 Nf6 4. Bg2 e6 5. O-O Bd6 6. d4 O-O 7. Nc3 Nbd7 8. Nd2
b6 9. e4 dxe4 10. Ndxe4 Nxe4 11. Nxe4 Be7 12. Be3 Bb7 13. c5 Nf6 14. Nxf6+ Bxf6
15. Qc2 Bxd4 16. Rad1 bxc5 17. b4 Qf6 18. bxc5 Bxe3 19. fxe3 Qe5 20. Rfe1 Rad8
21. Qb3 Ba6 22. Bxc6 Qxc5 23. Be4 g6 24. Rc1 Qe5 25. Bg2 Rd3 0-1

[Event "Euro Online U2300 Day 1"]
[Site "chess.com INT"]
[Date "2020.05.25"]
[Round "4"]
[White "Rjabzev, Konstantin"]
[Black "Toczek, Grzegorz"]
[Result "0-1"]
[WhiteTitle "IM"]
[BlackTitle "FM"]
[WhiteElo "2258"]
[BlackElo "2271"]
[WhiteFideId "4150015"]
[BlackFideId "1106457"]
[EventDate "2020.05.25"]

1. e4 c5 2. Nf3 Nc6 3. Bb5 g6 4. O-O Bg7 5. Bxc6 bxc6 6. d3 e5 7. Be3 d6 8. h3
Ne7 9. Qc1 h6 10. c3 f5 11. Bd2 Be6 12. Re1 Qd7 13. d4 cxd4 14. cxd4 exd4 15.
exf5 Nxf5 16. Rxe6+ Qxe6 17. Qxc6+ Kf7 18. Na3 Rhc8 19. Qb7+ Kg8 20. Re1 Qf7 21.
Qa6 Re8 22. Rc1 Qxa2 23. g4 Qd5 24. Qd3 Ne7 25. Rc7 Rac8 26. Rxa7 Nc6 27. Rd7
Re7 28. Rxe7 Nxe7 29. Nb5 Rf8 30. Nh4 g5 31. Ng2 Nc6 32. Nc7 Qf7 33. Nb5 Qxf2+
34. Kh1 Ne5 35. Qb3+ Kh8 36. Nxd6 Nf3 0-1

[Event "Euro Online U2300 Day 1"]
[Site "chess.com INT"]
[Date "2020.05.25"]
[Round "4"]
[White "Guindy, Esmat Susanne"]
[Black "Memeti, Kastriot"]
[Result "1/2-1/2"]
[WhiteTitle "WFM"]
[WhiteElo "2131"]
[BlackElo "2129"]
[WhiteFideId "1401637"]
[BlackFideId "204390"]
[EventDate "2020.05.25"]

1. d4 e6 2. c4 d5 3. Nc3 c6 4. e4 dxe4 5. Nxe4 Bb4+ 6. Nc3 c5 7. Nf3 Bxc3+ 8.
bxc3 Nf6 9. Ba3 Na6 10. Qb3 O-O 11. dxc5 Ne4 12. c6 Nec5 13. cxb7 Bxb7 14. Qb5
Qc7 15. Bb4 Bxf3 16. gxf3 Rab8 17. Qa5 Qe5+ 18. Be2 Nxb4 19. O-O Nc6 20. Qa3
Qxe2 21. Qxc5 Qxf3 22. Rae1 Qg4+ 23. Kh1 Qf3+ 24. Kg1 Qg4+ 25. Kh1 Qf3+ 26. Kg1 1/2-1/2

[Event "Euro Online U2300 Day 1"]
[Site "chess.com INT"]
[Date "2020.05.25"]
[Round "4"]
[White "Fernandez Madrid, Carlos"]
[Black "Siradze, Salome"]
[Result "1-0"]
[WhiteTitle "CM"]
[WhiteElo "2118"]
[BlackElo "2008"]
[WhiteFideId "2206030"]
[BlackFideId "13603973"]
[EventDate "2020.05.25"]

1. d4 Nf6 2. Nf3 g6 3. g3 Bg7 4. Bg2 O-O 5. c4 d6 6. O-O Nbd7 7. b3 e5 8. dxe5
dxe5 9. Bb2 Nh5 10. Nc3 c6 11. Qc2 Re8 12. Rad1 Qe7 13. Ne4 Nc5 14. Nd6 Rd8 15.
Nxc8 Raxc8 16. Ba3 b6 17. Bb2 f5 18. Rxd8+ Rxd8 19. Rd1 Rd7 20. Rxd7 Nxd7 21. e4
f4 22. Bh3 fxg3 23. hxg3 Nc5 24. b4 Na6 25. a3 Nc7 26. Qd3 Ne8 27. Qd7 Qxd7 28.
Bxd7 Nd6 29. Bxc6 Nxc4 30. Bd5+ Kf8 31. Bxc4 Ke7 32. Bxe5 Nf6 33. Bxf6+ Bxf6 34.
e5 Bg7 35. e6 Bb2 36. a4 Ba3 37. b5 Bc1 38. Nd4 Bg5 39. Nc6+ Kd6 40. Nxa7 Kc5
41. Bb3 Kb4 42. Bd1 Bd8 43. Nc6+ Kc5 44. Nxd8 1-0

[Event "Euro Online U2300 Day 1"]
[Site "chess.com INT"]
[Date "2020.05.25"]
[Round "4"]
[White "Skuhala, Jernej"]
[Black "Gaboyan, Susanna"]
[Result "1-0"]
[WhiteTitle "FM"]
[BlackTitle "WIM"]
[WhiteElo "2342"]
[BlackElo "2211"]
[WhiteFideId "14605651"]
[BlackFideId "13303627"]
[EventDate "2020.05.25"]

1. e4 c5 2. Nf3 Nc6 3. d4 cxd4 4. Nxd4 Nf6 5. Nc3 e5 6. Ndb5 d6 7. Bg5 a6 8. Na3
b5 9. Bxf6 gxf6 10. Nd5 f5 11. g3 fxe4 12. Bg2 Be6 13. Bxe4 Bg7 14. Qh5 Rc8 15.
O-O Ne7 16. Rad1 Nxd5 17. Bxd5 O-O 18. c3 Rc5 19. Qf3 Qd7 20. Bxe6 fxe6 21. Qe3
Rd5 22. Rxd5 exd5 23. Rd1 Qf7 24. Nc2 d4 25. cxd4 Qxa2 26. dxe5 Qxb2 27. Nd4
Bxe5 28. Ne6 Rf5 29. f4 Rh5 30. h4 Rh6 31. Ng5 Qc3 32. Rd3 Qa1+ 33. Kg2 Qa2+ 34.
Kh3 Bg7 35. Qe4 Qc4 36. Qe8+ Bf8 37. Rd1 Rg6 38. Rc1 Qxc1 39. Qf7+ Kh8 40. Qxh7# 1-0

[Event "Euro Online U2300 Day 1"]
[Site "chess.com INT"]
[Date "2020.05.25"]
[Round "4"]
[White "Randazzo, Adrian"]
[Black "Afonasieva, Anna"]
[Result "1-0"]
[WhiteTitle "FM"]
[BlackTitle "WIM"]
[WhiteElo "2293"]
[BlackElo "2274"]
[WhiteFideId "114251"]
[BlackFideId "24173606"]
[EventDate "2020.05.25"]

1. e4 c6 2. d4 d5 3. f3 e6 4. Nc3 Nf6 5. Qd3 Bb4 6. Bd2 O-O 7. O-O-O Nbd7 8. e5
Ne8 9. f4 c5 10. Nge2 cxd4 11. Nxd4 Nc5 12. Qh3 Bd7 13. g4 Rc8 14. Kb1 Bxc3 15.
Bxc3 Ne4 16. Bb4 Qb6 17. Qa3 Nf2 18. Rd2 Nxh1 19. Bxf8 Nf2 20. Bc5 Rxc5 21. Rxf2
Rc4 22. c3 Rxd4 23. cxd4 Qxd4 24. Qf3 Bc6 25. Bd3 g6 26. h4 Qb4 27. Rf1 d4 28.
Qe2 Nc7 29. f5 Nd5 30. Ka1 Ne3 31. Rg1 Bd5 32. fxg6 hxg6 33. h5 Qa5 34. a3 Qa4
35. hxg6 fxg6 36. Rc1 Qb3 37. Bb1 Bc4 38. Qd2 Qb6 39. Bxg6 Bd5 40. Qf2 Kg7 41.
Qf6+ Kh6 42. Bf7+ Kh7 43. Qg6+ 1-0

[Event "Euro Online U2300 Day 1"]
[Site "chess.com INT"]
[Date "2020.05.25"]
[Round "4"]
[White "Kovacsy, Barnabas"]
[Black "Green, Golan"]
[Result "1-0"]
[WhiteElo "2143"]
[BlackElo "2211"]
[WhiteFideId "769290"]
[BlackFideId "2803984"]
[EventDate "2020.05.25"]

1. e4 e6 2. d4 d5 3. Nc3 Nf6 4. e5 Nfd7 5. f4 c5 6. Nf3 Nc6 7. Be3 a6 8. Qd2 b5
9. Nd1 cxd4 10. Nxd4 Nxd4 11. Bxd4 Bc5 12. Be2 Qb6 13. c3 Nb8 14. Bxc5 Qxc5 15.
Qe3 Qxe3 16. Nxe3 Nc6 17. Kf2 Ke7 18. h4 Bb7 19. Nc2 f6 20. exf6+ gxf6 21. Bf3
Kd6 22. h5 a5 23. Rad1 Rhe8 24. f5 Ne5 25. fxe6 Nxf3 26. gxf3 Rxe6 27. Nd4 Re5
28. Nxb5+ Kc5 29. Nd4 Rb8 30. b4+ Kc4 31. Rc1 Re7 32. Nf5 Rd7 33. Rh4+ Kb5 34.
Nd4+ Kb6 35. bxa5+ Kxa5 36. Nb3+ Kb5 37. Rb4+ Kc6 38. Na5+ Kc7 39. Rcb1 Kc8 40.
Rxb7 Rbxb7 41. Rxb7 Rxb7 42. Nxb7 Kxb7 43. Ke3 Kc6 44. Kd4 1-0